00506 2200193 4500001002100000005001500021035002000036245008700056100001000143250000600153300003500159700001800194260003300212082000800245084001400253020001800267650001000285990001700295INLIS00000000000006820180814124905 a0010-08180000321 aLatihan Peta Buta 2 :bUntuk sekolah Dasar Kelas V /cKasdi; Editor, Karsito, S.Pd0 aKasdi a- aiv, 96 hlm. :bilus. ;c25 cm.0 aKarsito, S.Pd aDepok :bCV Arya Duta,c2005 a912 a912 KAS l a979-750-016-0 aAtlas a00288/P/2018